000 01688 a2200385 4500
001 22663592
003 0000
005 20260316104017.0
008 220623s2022 cau 000 0 eng
010 _a 2022941475
020 _a9781529603804
020 _z9781529610246
035 _a22663592
040 _aDLC
_beng
_erda
_cDLC
042 _apcc
050 0 0 _aQP 34.5 .C66
100 1 _aCook, Neal,
_eauthor.
245 1 4 _aThe nurse's anatomy, physiology and pathophysiology glossary :
_bover 2000 essential terms and their pronunciation /
_cNeal Cook, Andrea Shepherd.
250 _a2nd. ed.
264 1 _aLos Angeles :
_bSAGE,
_c2023
300 _axi, 236 pages ;
_c19 cm
336 _atext
_btxt
_2rdacontent
337 _aunmediated
_bn
_2rdamedia
338 _avolume
_bnc
_2rdacarrier
520 _a"Designed for speed and simplicity, this pocket-sized glossary provides an A-Z reference guide of 2,000 key biological terms used in nursing. Key Features: - Clear definitions of commonly used terminology - Guidance on pronunciation of unfamiliar words - Breaks down complex terms to aid understanding"--
_cProvided by publisher.
650 0 _aHuman physiology
_vTerminology.
650 0 _aHuman anatomy
_vTerminology.
650 0 _aPhysiology, Pathological
_vTerminology.
655 7 _aDictionaries.
_2lcgft
_0https://id.loc.gov/authorities/genreForms/gf2014026086
700 1 _aShepherd, Andrea,
_eauthor.
906 _a7
_bcbc
_corignew
_d2
_eepcn
_f20
_gy-gencatlg
942 _2lcc
_cBK
999 _c44135
_d44135